000 00721nam a2200229Ia 4500
005 20230615094707.0
008 131103s9999 xx 000 0 und d
040 _aLoreto College
041 _aEnglish
082 _a940.28
_bGRA
100 _aGrant,A.J.
245 _aEurope in the nineteenth and twentieth centuries
_b 1789 - 1950
_cA.J.Grant and Harold Temperley; revised and edited by Lillian M.Penson
250 _a6th ed.
260 _aLondon
_bLongmans
_c1952 (1963 printing)
300 _axxii,603 p.
_b ill.,maps
504 _aIncludes index
650 _aModern History - 1789 - 1950
651 _aEurope - Modern History - 1789 - 1950
700 _aTemperley,Harold
850 _aLCLIB
942 _cBK
999 _c8739
_d59218